Kristallkugelgewinnerinnen Im Alpinen Skiweltcup - Statistiken

Allgemein
  • Dieses Quiz wurde 583 mal gespielt
    20 seit der letzten Aktualisierung
  • Das Durchschnittsergebnis liegt bei 29 aus 97
Antwortstatistiken
Racer % Korrekt
Mikaela Shiffrin
100%
Lindsey Vonn
83%
Lara Gut-Behrami
78%
Sofia Goggia
72%
Federica Brignone
67%
Annemarie Moser-Pröll
61%
Hilde Gerg
61%
Julia Scheib
61%
Maria Höfl-Riesch
56%
Tina Maze
56%
Petra Vlhová
50%
Renate Götschl
50%
Vreni Schneider
50%
Anja Pärson
44%
Corinne Suter
44%
Janica Kostelić
44%
Katja Seizinger
44%
Laura Pirovano
44%
Maria Walliser
44%
Marlies Schild
44%
Anna Veith
39%
Christa Kinshofer
39%
Cornelia Hütter
39%
Ilka Štuhec
39%
Marie-Theres Nadig
39%
Martina Ertl
39%
Michaela Dorfmeister
39%
Rosi Mittermaier
39%
Viktoria Rebensburg
39%
Wendy Holdener
39%
Alexandra Meissnitzer
33%
Pernilla Wiberg
33%
Petra Kronberger
33%
Picabo Street
33%
Sonja Nef
33%
Zrinka Ljutić
33%
Erika Hess
28%
Eva-Maria Brem
28%
Lise-Marie Morerod
28%
Marta Bassino
28%
Michela Figini
28%
Régine Cavagnoud
28%
Tamara McKinney
28%
Tessa Worley
28%
Anita Wachter
22%
Brigitte Oertli
22%
Carole Merle
22%
Doris De Agostini
22%
Elfriede Eder
22%
Frida Hansdotter
22%
Hanni Wenzel
22%
Irene Epple
22%
Isolde Kostner
22%
Katharina Liensberger
22%
Marielle Goitschel
22%
Marina Kiehl
22%
Nicole Hosp
22%
Nicole Schmidhofer
22%
Roswitha Steiner
22%
Sabine Egger
22%
Tina Weirather
22%
Andreja Slokar
17%
Annie Famose
17%
Brigitte Totschnig
17%
Britt Lafforgue
17%
Carole Montillet
17%
Chantal Bournissen
17%
Christa Zechmeister
17%
Corinne Schmidhauser
17%
Deborah Compagnoni
17%
Denise Karbon
17%
Françoise Macchi
17%
Gertrud Gabl
17%
Ingrid Lafforgue
17%
Isabelle Mir
17%
Kathrin Hölzl
17%
Laure Pequegnot
17%
Marie-Cécile Gros-Gaudenier
17%
Marilyn Cochran
17%
Mateja Svet
17%
Michèle Jacot
17%
Monika Kaserer
17%
Nancy Greene
17%
Olga Pall
17%
Patricia Emonet
17%
Perrine Pelen
17%
Regina Häusl
17%
Regina Sackl
17%
Sabine Ginther
17%
Tanja Poutiainen
17%
Wiltrud Drexel
17%
Ylva Nowén
17%
Betsy Clifford
11%
Florence Masnada
11%
Katharina Gutensohn
11%
Marie-Michèle Gagnon
11%
Špela Pretnar
11%
Keine übereinstimmenden Quizze gefunden
Verteilung der Resultate
Anzahl Personen mit jedem Resultat
Perzentil nach korrekt beantworteten Fragen
Ihre Resultats-Entwicklung
Sie haben dieses Quiz seit der letzten Aktualisierung nicht gespielt